MARC

LEADER 00000nam0a2200000 4500
001 284940
005 20231101235739.0
020 |a RU  |b 85-39608 
035 |a (RuTPU)RU\TPU\book\309136 
090 |a 284940 
100 |a 20150219d1984 k y0rusy5003 ca 
101 0 |a rus 
102 |a RU 
105 |a a z 001zy 
200 1 |a Физико-химическая механика контактного взаимодействия в процессе резания металлов  |e межвузовский сборник  |f Чувашский государственный университет (ЧГУ) ; под ред. М. Б. Гордона 
210 |a Чебоксары  |c Изд-во ЧГУ  |d 1984 
215 |a 122 с.  |c ил. 
320 |a Библиография в конце статей 
606 1 |a Резание металлов  |x Физические основы  |2 stltpush  |3 (RuTPU)RU\TPU\subj\24542  |9 48870 
610 1 |a смазочно-охлаждающие жидкости 
610 1 |a металлообработка 
610 1 |a химическая механика 
610 1 |a контактные взаимодействия 
610 1 |a механообработка 
610 1 |a качество 
610 1 |a повышение 
610 1 |a создание 
610 1 |a СОЖ 
675 |a 621.9.079  |z rus  |v 3 
702 1 |a Гордон  |b М. Б.  |g Меер Борисович  |4 340 
712 0 2 |a Чувашский государственный университет (ЧГУ)  |c (Чебоксары)  |2 stltpush  |3 (RuTPU)RU\TPU\col\299 
801 0 |a RU  |b RuMRKP  |c 19950704  |g psbo 
801 1 |a RU  |b 63413507  |c 20150219 
801 2 |a RU  |b 63413507  |c 20171204  |g RCR 
942 |c BK